000 00286nam a2200121 a 4500
008 101022s1970|||| d
245 1 0 _aABD-EL-KADER
100 1 _aKnittel, John
044 _axo
_cSK
020 _c29
041 _aslo
260 _aBratislava
_bSlovenský spisovateľ
_c1970
999 _c12074
_d12074